Personnalités célèbres commençant par P - Statistiques

Statistiques générales
  • Ce quiz a été pris 76 fois
  • Le résultat moyen est 9 sur 16
Statistiques - réponses
Par images Réponse % Correct
Édith Piaf
90%
Tony Parker
86%
Vanessa Paradis
80%
Paul Pogba
76%
Prince
74%
Georges Pompidou
70%
Robert Pattinson
70%
Katy Perry
66%
Manu Payet
64%
Patrick Poivre d'Arvor
63%
Benoît Poelvoorde
51%
Panayotis Pascot
41%
Joaquin Phoenix
39%
Natacha Polony
31%
Daniel Prévost
23%
Laura Pausini
20%
Aucun quiz correspondant
Distribution des résultats
% des personnes avec chaque résultat
Percentile par nombre de réponses
Votre historique - résultats
Vous n’avez pas pris ce quiz